01619cpcaa2200397 a 4500001001300000003000400013005001700017008004100034010003100075040002400106072001200130245003700142300001600179300001900195300002200214506002200236520047600258546003600734600003100770600003100801600003100832600002900863600001800892600001800910600001800928600002000946600001900966600001700985600002001002651003401022651004201056651004401098651003101142651003101173999001701204mm 78010363 DLC20260227111621.0790327|||||||||||| eng  amm 78010363 bms 67000580  aDLCcDLCdDLCedacs 7aC2lcmd00aAlden family papers,f1710-1844. a784fitems. a4fcontainers. a1.2flinear feet.0 aOpen to research.8 aCorrespondence, sermons, legal notes, receipts, land grants, leases, household accounts, business accounts, school memorandum and lesson books, militia muster and provision accounts, and daybooks of the Joseph Alden family of Bridgewater, Mass., and Stafford, Conn. Includes notes (circa 1793) for a history of Randolph, Mass. Names represented include Daniel Alden, Samuel Alden, and Seth Alden and the Cary (Carey), Edson, Haywood, Hooper, Shaw, and Sprague families. aCollection material in English.10aAlden, Daniel,d1691-1767.10aAlden, Joseph,d1624-1697.10aAlden, Samuel,d1705-1785.10aAlden, Seth,d1709-1784.30aAlden family.30aCarey family.30aEdson family.30aHaywood family.30aHooper family.30aShaw family.30aSprague family. 0aBridgewater (Mass.)xHistory. 0aConnecticutxSocial life and customs. 0aMassachusettsxSocial life and customs. 0aRandolph (Mass.)xHistory. 0aStafford (Conn.)xHistory. c39703d39703